Little Miss Fortune: a comedy of charm in three acts
Αποθηκεύτηκε σε:
| Κύριος συγγραφέας: | |
|---|---|
| Μορφή: | Βιβλίο |
| Γλώσσα: | Undetermined |
| Έκδοση: |
New York, Estados Unidos
Samuel French
1932
|
| Θέματα: | |
| Ετικέτες: |
Προσθήκη ετικέτας
Δεν υπάρχουν, Καταχωρήστε ετικέτα πρώτοι!
|
MARC
| LEADER | 00000nam a2200000Ia 4500 | ||
|---|---|---|---|
| 008 | 170316s9999 xx 000 0 und d | ||
| 040 | |a cru BVZT | ||
| 090 | |a 810 G-12L | ||
| 100 | |a George, Charles | ||
| 245 | |a Little Miss Fortune: a comedy of charm in three acts | ||
| 260 | |a New York, Estados Unidos | ||
| 260 | |b Samuel French | ||
| 260 | |c 1932 | ||
| 300 | |a 93 páginas | ||
| 650 | |a LITERATURA ESTADOUNIDENSE | ||
| 999 | |c 5657 |d 5657 | ||
| 942 | |c 15 D |h 810 G-12L |2 z | ||
